5HLuxD.jpg

KING HENRY VIII SENIOR AND PRIMARY SCHOOL LIBRARY OPAC

Team spirit. (Record no. 1701)

000 -LEADER
fixed length control field 01005pam a2200349 a 4500
001 - CONTROL NUMBER
control field 013761715
003 - CONTROL NUMBER IDENTIFIER
control field Uk
005 - DATE AND TIME OF LATEST TRANSACTION
control field 20230120110218.0
008 - FIXED-LENGTH DATA ELEMENTS--GENERAL INFORMATION
fixed length control field 070517s2007 enka j 000 f eng d
015 ## - NATIONAL BIBLIOGRAPHY NUMBER
National bibliography number GBA743443
Source bnb
016 7# - NATIONAL BIBLIOGRAPHIC AGENCY CONTROL NUMBER
Record control number 013761715
Source Uk
020 ## - INTERNATIONAL STANDARD BOOK NUMBER
International Standard Book Number 9781405232418 (pbk.) :
040 ## - CATALOGING SOURCE
Original cataloging agency StDuBDS
Language of cataloging eng
Transcribing agency StDuBDS
Modifying agency Uk
042 ## - AUTHENTICATION CODE
Authentication code ukblcatcopy
082 04 - DEWEY DECIMAL CLASSIFICATION NUMBER
Classification number 823.92 STR
Edition number 22
100 ## - MAIN ENTRY--PERSONAL NAME
Personal name Strange, B
Relator term author
245 00 - TITLE STATEMENT
Title Team spirit.
260 ## - PUBLICATION, DISTRIBUTION, ETC.
Place of publication, distribution, etc. London :
Name of publisher, distributor, etc. Egmont,
Date of publication, distribution, etc. 2007.
300 ## - PHYSICAL DESCRIPTION
Extent 145 p. :
Other physical details ill. ;
Dimensions 20 cm.
336 ## - CONTENT TYPE
Content type term text
Source rdacontent
337 ## - MEDIA TYPE
Media type term unmediated
Source rdamedia
338 ## - CARRIER TYPE
Carrier type term volume
Source rdacarrier
490 1# - SERIES STATEMENT
Series statement Too ghoul for school
490 1# - SERIES STATEMENT
Series statement 2HEADS : recommended by kids
500 ## - GENERAL NOTE
General note Formerly CIP.
Institution to which field applies Uk
650 #0 - SUBJECT ADDED ENTRY--TOPICAL TERM
Topical term or geographic name entry element St. Sebastian's School (Imaginary organization)
Form subdivision Juvenile fiction.
655 #7 - INDEX TERM--GENRE/FORM
Genre/form data or focus term Ghost stories.
Source of term gsafd
655 #0 - INDEX TERM--GENRE/FORM
Genre/form data or focus term Children's stories.
830 #0 - SERIES ADDED ENTRY--UNIFORM TITLE
Uniform title Too ghoul for school
830 #0 - SERIES ADDED ENTRY--UNIFORM TITLE
Uniform title 2HEADS : recommended by kids
942 ## - ADDED ENTRY ELEMENTS (KOHA)
Source of classification or shelving scheme
Koha item type Books - Non Ficton
Holdings
Withdrawn status Lost status Source of classification or shelving scheme Damaged status Not for loan Collection code Permanent Location Current Location Shelving location Date acquired Total Checkouts Full call number Barcode Date last seen Date last checked out Price effective from Koha item type
          Non-Fiction KH8 Primary School Library KH8 Primary School Library Non Fiction 2023-01-20 8 823.92 STR KHPL000003459 2025-12-05 2025-02-26 2023-01-20 Books - Non Ficton

Powered By KH8 IT Dept